| 000 | 00662nam a2200229Ia 4500 | ||
|---|---|---|---|
| 005 | 20230623090407.0 | ||
| 008 | 131103s9999 xx 000 0 und d | ||
| 040 | _aLoreto College | ||
| 041 | _aEnglish | ||
| 082 |
_a301.2 _bHAR |
||
| 100 | _aHart,C.W.M. | ||
| 245 | 4 |
_aThe Tiwi of north Australia _cC.W.M.Hart and Arnold R.Pilling |
|
| 260 |
_aNew York _bHolt,Rinehart and Winston _c1960 |
||
| 300 |
_aix,118 p. _b illus.,charts,tables |
||
| 504 | _aIncludes bibliographical references and foot notes | ||
| 630 | _aTribal Communities | ||
| 650 | _aSociology | ||
| 651 | _aCommunities | ||
| 700 | _aPilling,Arnold R. | ||
| 850 | _aLCLIB | ||
| 942 | _cBK | ||
| 999 |
_c11141 _d61620 |
||